[Event "Bronshoj Sommer Seniors"]
[Site "Copenhagen"]
[Date "2019.09.26"]
[Round "6"]
[White "Gustafsson, Magnus"]
[Black "Hansen, Soren Moller"]
[Result "0-1"]
[WhiteElo "1929"]
[BlackElo "1945"]
[PlyCount "92"]
[EventDate "2019.08.15"]
[EventType "swiss"]
[EventRounds "7"]
[EventCountry "DEN"]
[SourceTitle "EXT 2021"]
[Source "ChessBase"]
[SourceDate "2020.10.23"]
[SourceVersion "1"]
[SourceVersionDate "2020.10.23"]
[SourceQuality "1"]

1. e4 g6 2. d4 d6 3. Nc3 Bg7 4. Be3 Nd7 5. Bc4 c6 6. Qd2 d5 7. Bb3 dxe4 8. Nxe4 Ndf6 9. Nxf6+ Nxf6 10. f3 h5 11. c4 Be6 12. Ne2 b5 13. Qc2 Bxc4 14. Bxc4 bxc4 15. Qxc4 Qd5 16. Rc1 Qxc4 17. Rxc4 Nd5 18. Bf2 Kd7 19. 0-0 Bh6 20. g3 Ne3 21. Bxe3 Bxe3+ 22. Kg2 h4 23. f4 Bd2 24. Rd1 Ba5 25. d5 c5 26. Rxc5 Bb6 27. Rc6 Rh7 28. g4 h3+ 29. Kf3 Bc7 30. Rdc1 Bd6 31. Ng3 Rb8 32. R1c2 Rb5 33. Ke4 Rh4 34. Ra6 Bb8 35. Kf3 Rxd5 36. Rc3 Rd2 37. Ne4 Rxh2 38. Kg3 Rg2+ 39. Kxh4 h2 40. Rh3 Bxf4 41. Rxa7+ Ke6 42. Ng5+ Kf6 43. Nf3 Bg3+ 44. Rxg3 h1Q+ 45. Rh3 Qf1 46. Rh2 Qf2+ 0-1

[Event "DEN-ch G5-2"]
[Site "Svendborg"]
[Date "2018.04.01"]
[Round "4"]
[White "Winther, Bjarke Rosenborg"]
[Black "Hansen, Soren Moller"]
[Result "0-1"]
[WhiteElo "1753"]
[BlackElo "1956"]
[PlyCount "80"]
[EventDate "2018.03.29"]
[EventType "swiss"]
[EventRounds "5"]
[EventCountry "DEN"]
[SourceTitle "EXT 2019"]
[Source "ChessBase"]
[SourceDate "2018.10.10"]
[SourceVersion "1"]
[SourceVersionDate "2018.10.10"]
[SourceQuality "1"]

1. e4 d6 2. d4 Nf6 3. Nc3 g6 4. Be3 Bg7 5. Bc4 0-0 6. Qd2 Nxe4 7. Nxe4 d5 8. Bd3 dxe4 9. Bxe4 Nd7 10. Nf3 Nf6 11. Bd3 b6 12. Bh6 Bb7 13. Bxg7 Kxg7 14. Be2 c5 15. Rd1 Qc7 16. Qe3 Rac8 17. dxc5 Qxc5 18. Qxc5 Rxc5 19. c3 Rd5 20. 0-0 Rfd8 21. Nd4 R5d7 22. Nc2 Be4 23. Ne3 Nd5 24. Nxd5 Bxd5 25. b3 a5 26. c4 Be4 27. Rxd7 Rxd7 28. Rd1 Rxd1+ 29. Bxd1 Kf6 30. f3 Bb1 31. a3 Ke5 32. b4 Kd4 33. Be2 Ba2 34. c5 bxc5 35. bxa5 c4 36. Kf1 Ke3 37. Ke1 c3 38. Bd1 Bc4 39. Bc2 f5 40. a4 e6 0-1

[Event "Bronshoj Lang Weekend"]
[Site "Copenhagen"]
[Date "2018.02.15"]
[Round "1"]
[White "Hansen, Soren Moller"]
[Black "Rathlev, Jakob"]
[Result "0-1"]
[WhiteElo "1966"]
[BlackElo "2231"]
[PlyCount "134"]
[EventDate "2018.02.15"]
[EventType "swiss"]
[EventRounds "7"]
[EventCountry "DEN"]
[SourceTitle "CBM 183 Extra"]
[Source "ChessBase"]
[SourceDate "2018.04.19"]
[SourceVersion "1"]
[SourceVersionDate "2018.04.19"]
[SourceQuality "1"]

1. Nf3 e6 2. g3 f5 3. Bg2 Nf6 4. 0-0 d5 5. d3 Be7 6. Nc3 Nc6 7. Bf4 Nh5 8. Bd2 0-0 9. e4 g6 10. Re1 fxe4 11. dxe4 d4 12. Ne2 e5 13. Bh6 Rf7 14. Qd2 Bg4 15. Ng5 Bxg5 16. Bxg5 Qd7 17. c3 Raf8 18. Bh6 Ng7 19. f4 Rd8 20. Bg5 Re8 21. cxd4 Bxe2 22. Qxe2 Nxd4 23. Qc4 Qe6 24. Rac1 Qxc4 25. Rxc4 Nge6 26. Bh6 Nc6 27. Bh3 Ned4 28. Kg2 Rf6 29. Bg5 Rd6 30. fxe5 Nxe5 31. Rc3 c5 32. Bf4 b6 33. b3 Kg7 34. a4 a5 35. Kh1 g5 36. Bxe5+ Rxe5 37. Bg2 Nc6 38. Rf1 Re7 39. Rcf3 Ne5 40. Rf5 h6 41. Rf8 Rd3 42. Rb8 Rxb3 43. Rff8 Rb1+ 44. Rf1 Rxf1+ 45. Bxf1 Re6 46. Bb5 Nf3 47. Kg2 Nd2 48. e5 c4 49. Kf2 c3 50. Rb7+ Kf8 51. Rb8+ Ke7 52. Rb7+ Kd8 53. Rd7+ Kc8 54. Rd3 Ne4+ 55. Ke3 Rxe5 56. Ba6+ Kc7 57. Rd1 Nc5+ 58. Kd4 c2 59. Rf1 Re7 60. Bc4 Nxa4 61. Rc1 Kd6 62. Rxc2 Nc5 63. Rf2 Re4+ 64. Kc3 Ke5 65. Rf8 h5 66. Rb8 h4 67. Rxb6 Na4+ 0-1

[Event "Copenhagen Whitsun op"]
[Site "Copenhagen"]
[Date "2014.06.07"]
[Round "5"]
[White "Hansen, Soren Moller"]
[Black "Jorgensen, Rasmus"]
[Result "0-1"]
[WhiteElo "2012"]
[BlackElo "2085"]
[PlyCount "78"]
[EventDate "2014.06.03"]
[EventType "swiss"]
[EventRounds "9"]
[EventCountry "DEN"]
[SourceTitle "EXT 2015"]
[Source "ChessBase"]
[SourceDate "2014.11.20"]
[SourceVersion "1"]
[SourceVersionDate "2014.11.20"]
[SourceQuality "1"]

1. d4 Nf6 2. c4 g6 3. Nc3 Bg7 4. e4 d6 5. f3 0-0 6. Be3 c5 7. d5 Nbd7 8. Nh3 Ne5 9. Nf2 Qa5 10. Qa4 Qc7 11. Be2 Bd7 12. Qd1 h5 13. h3 Bc8 14. 0-0 a6 15. Qd2 b5 16. cxb5 axb5 17. Nxb5 Qb6 18. a4 Ba6 19. Nd1 Bxb5 20. Bxb5 Qxb5 21. axb5 Rxa1 22. Qe2 Ned7 23. Nc3 Rfa8 24. f4 Nb6 25. Kh2 h4 26. Rxa1 Rxa1 27. g4 hxg3+ 28. Kxg3 Nh5+ 29. Kg2 Bd4 30. Kh2 Rh1+ 31. Kg2 Bxe3 32. Qxe3 Nc4 33. Qf2 Rc1 34. Kh2 Kg7 35. e5 dxe5 36. fxe5 Nxe5 37. Qxc5 Rc2+ 38. Kg1 Nf3+ 39. Kf1 Ng3# 0-1

[Event "Copenhagen Whitsun op"]
[Site "Copenhagen"]
[Date "2014.06.07"]
[Round "4"]
[White "Madsen, Michael Ole"]
[Black "Hansen, Soren Moller"]
[Result "1/2-1/2"]
[WhiteElo "2081"]
[BlackElo "2012"]
[PlyCount "119"]
[EventDate "2014.06.03"]
[EventType "swiss"]
[EventRounds "9"]
[EventCountry "DEN"]
[SourceTitle "EXT 2015"]
[Source "ChessBase"]
[SourceDate "2014.11.20"]
[SourceVersion "1"]
[SourceVersionDate "2014.11.20"]
[SourceQuality "1"]

1. d4 g6 2. c4 Bg7 3. Nc3 d6 4. Bf4 Nd7 5. Nf3 Ngf6 6. h3 0-0 7. e3 b6 8. Be2 Bb7 9. 0-0 Re8 10. Re1 e5 11. Bh2 Ne4 12. Rc1 Nxc3 13. Rxc3 c5 14. dxe5 dxe5 15. Rd3 Bc6 16. Rd6 Qc7 17. Ng5 Nf6 18. Bf3 Bxf3 19. Nxf3 Ne4 20. Rd7 Qc6 21. Qd5 Qxd5 22. Rxd5 Nf6 23. Rxe5 Ne4 24. Rxe8+ Rxe8 25. Re2 Rd8 26. g4 Rd1+ 27. Kg2 a6 28. Bc7 b5 29. cxb5 axb5 30. Rc2 Ra1 31. Nd2 Nxd2 32. Rxd2 Kf8 33. Bd6+ Ke8 34. Bxc5 Rxa2 35. Bd4 Bf8 36. Bf6 Be7 37. Bd4 Bb4 38. Rc2 Kd7 39. Kf3 Kd6 40. Bg7 Ra8 41. Kf4 Rg8 42. Be5+ Ke6 43. Rc6+ Kd5 44. Rc7 f6 45. e4+ Ke6 46. Rc6+ Kd7 47. Rxf6 Ke7 48. Rb6 Rf8+ 49. Kg3 Bc5 50. Rxb5 Bxf2+ 51. Kg2 Ke6 52. Bg3 Bd4 53. Rb7 h6 54. b4 Ra8 55. Rh7 Ra2+ 56. Kf1 Ra3 57. Bb8 Ra8 58. Bh2 Ra2 59. Bb8 Ra8 60. Bg3 1/2-1/2

[Event "Copenhagen-ch Obro 70th"]
[Site "Copenhagen"]
[Date "2006.10.22"]
[Round "9"]
[White "Christensen, Christian Winther"]
[Black "Hansen, Soren Moller"]
[Result "0-1"]
[WhiteElo "2088"]
[BlackElo "1903"]
[PlyCount "82"]
[EventDate "2006.10.14"]
[EventType "swiss"]
[EventRounds "9"]
[EventCountry "DEN"]
[SourceTitle "EXT 2007"]
[Source "ChessBase"]
[SourceDate "2006.11.23"]
[SourceVersion "1"]
[SourceVersionDate "2006.11.23"]
[SourceQuality "1"]

1. e4 g6 2. d4 Bg7 3. Nc3 d6 4. Be3 c6 5. Qd2 b5 6. Bd3 Nd7 7. 0-0-0 Nb6 8. d5 b4 9. Nb1 c5 10. Qe2 a5 11. Nd2 Nf6 12. h3 Nfd7 13. f4 Na4 14. Nc4 0-0 15. Nf3 Ba6 16. Nfd2 Ndb6 17. e5 Bxc4 18. Nxc4 Nxc4 19. Bxc4 dxe5 20. Kb1 Qd6 21. Bc1 exf4 22. Rhf1 Qf6 23. Rxf4 Nc3+ 24. bxc3 Qxc3 25. Rfd4 Bxd4 26. Rxd4 cxd4 27. Bh6 Rfc8 28. Bd3 Qc7 29. h4 Qd6 30. Qe4 a4 31. h5 b3 32. Qxd4 bxc2+ 33. Bxc2 e5 34. Qg4 Rab8+ 35. Kc1 Qc5 36. Qe4 Rb4 37. Qd3 Rd4 38. Qe2 Qa3+ 39. Kb1 Rb4+ 40. Bb3 axb3 41. Qxe5 Qxa2# 0-1

[Event "Copenhagen-ch"]
[Site "Copenhagen"]
[Date "2003.02.10"]
[Round "5"]
[White "Hansen, Soren Moller"]
[Black "Schmidt, Horst Hubert"]
[Result "0-1"]
[WhiteElo "1782"]
[BlackElo "1980"]
[PlyCount "100"]
[EventDate "2003.02.07"]
[EventType "swiss"]
[EventRounds "9"]
[EventCountry "DEN"]
[SourceTitle "EXT 2018"]
[Source "ChessBase"]
[SourceDate "2017.10.13"]
[SourceVersion "1"]
[SourceVersionDate "2017.10.13"]
[SourceQuality "1"]

1. d4 Nf6 2. c4 e6 3. Nc3 d5 4. Bg5 Be7 5. Nf3 0-0 6. e3 Nbd7 7. Bd3 Re8 8. 0-0 c6 9. Rc1 Nf8 10. Re1 h6 11. Bxf6 Bxf6 12. e4 Bg5 13. Rc2 a6 14. cxd5 exd5 15. e5 Bg4 16. h3 Bxf3 17. Qxf3 Ne6 18. Ne2 Qa5 19. Rf1 Qxa2 20. Qg3 Qa4 21. Qg4 c5 22. f4 Be7 23. dxc5 Nxc5 24. Bf5 Ne4 25. Bxe4 Qxe4 26. Rc7 d4 27. Ng3 Qg6 28. Qxg6 fxg6 29. Ne4 b6 30. Rd1 Rad8 31. Rc6 g5 32. g3 gxf4 33. gxf4 Rf8 34. Rxb6 Rxf4 35. Nd6 a5 36. Ra6 Kh7 37. Rf1 Bg5 38. e6 Rxf1+ 39. Kxf1 Be7 40. Ne4 d3 41. Ke1 Bb4+ 42. Kd1 Rf8 43. Nc3 Rf2 44. e7 Bxe7 45. Rxa5 Bb4 46. Rd5 Rxb2 47. Rxd3 Rb3 48. Kc2 Rxc3+ 49. Rxc3 Bxc3 50. Kxc3 Kg6 0-1

[Event "Copenhagen-ch"]
[Site "Copenhagen"]
[Date "2003.02.07"]
[Round "1"]
[White "Hansen, Soren Moller"]
[Black "Christensen, Bo Garner"]
[Result "0-1"]
[WhiteElo "1782"]
[BlackElo "2201"]
[PlyCount "80"]
[EventDate "2003.02.07"]
[EventType "swiss"]
[EventRounds "9"]
[EventCountry "DEN"]
[SourceTitle "EXT 2018"]
[Source "ChessBase"]
[SourceDate "2017.10.13"]
[SourceVersion "1"]
[SourceVersionDate "2017.10.13"]
[SourceQuality "1"]

1. d4 Nf6 2. c4 c5 3. d5 e6 4. Nc3 exd5 5. cxd5 d6 6. e4 g6 7. Nf3 Bg7 8. Bd3 0-0 9. 0-0 Re8 10. Re1 Na6 11. Bg5 h6 12. Bh4 Qb6 13. Rb1 Bg4 14. a3 Nh5 15. Bb5 Rec8 16. h3 Bxf3 17. Qxf3 Be5 18. Bd7 Rc7 19. Bg4 Ng7 20. Qe3 g5 21. Bg3 Bd4 22. Qd2 Re8 23. Na4 Qb3 24. Nc3 Be5 25. Bxe5 Rxe5 26. f4 gxf4 27. Qxf4 h5 28. Bf5 Rce7 29. Qg5 Qc4 30. Kh1 Nc7 31. h4 b5 32. Re3 f6 33. Qg6 Rxf5 34. exf5 Rxe3 35. Qxf6 Nxd5 36. Qg5 Re5 37. Qd8+ Kh7 38. Nxd5 Rxd5 39. Re1 Rxf5 40. Re7 Rf1+ 0-1